000 00335nam a2200133Ia 4500
008 240624s9999 xx 000 0 und d
041 _aeng
082 _a332.024 THU
100 _aTHURMAN RANDY L
245 _aALL WEATHER RETIREMENT PORTFOLIO
260 _c2015
_aOklahoma
_bMaster Key
300 _a192 : p. : cm. ; 28
365 _cRS
999 _c28608
_d28608